<?xml version="1.0" encoding="UTF-8"?>
<marc:record xmlns:marc="http://www.loc.gov/MARC21/slim">
   <marc:leader>00000nam a2200000 a 4500</marc:leader>
   <marc:datafield ind1="1" ind2=" " tag="100">
      <marc:subfield code="a">Läckberg, Camilla</marc:subfield>
      <marc:subfield code="4">aut</marc:subfield>
      <marc:subfield code="e">Verfasser/-in</marc:subfield>
   </marc:datafield>
   <marc:datafield ind1="1" ind2=" " tag="100">
      <marc:subfield code="a">Walther, Hannah</marc:subfield>
   </marc:datafield>
   <marc:datafield ind1="1" ind2=" " tag="100">
      <marc:subfield code="a">Karun, Vanida</marc:subfield>
   </marc:datafield>
   <marc:datafield ind1="1" ind2=" " tag="100">
      <marc:subfield code="a">Geue, Gesa</marc:subfield>
   </marc:datafield>
   <marc:datafield ind1="1" ind2=" " tag="100">
      <marc:subfield code="a">Petri, Nina</marc:subfield>
   </marc:datafield>
   <marc:datafield ind1="0" ind2="0" tag="245">
      <marc:subfield code="a">Die Schneelöwin</marc:subfield>
   </marc:datafield>
   <marc:datafield ind1="0" ind2="0" tag="245">
      <marc:subfield code="c">Camilla Läckberg ; Aus dem Schwedischen von Katrin Frey</marc:subfield>
   </marc:datafield>
   <marc:datafield ind1=" " ind2="1" tag="264">
      <marc:subfield code="a">Hamburg</marc:subfield>
      <marc:subfield code="b">Hörbuch Hamburg HHV GmbH</marc:subfield>
      <marc:subfield code="c">2016</marc:subfield>
   </marc:datafield>
   <marc:datafield ind1="1" ind2=" " tag="520">
      <marc:subfield code="a">Hinter den schönsten Fassaden wohnt manchmal das grösste Unglück  -  Ein junges Mädchen läuft schwerverletzt auf die Landstraße. Sie wird von einem Auto erfasst und stirbt wenig später im Krankenhaus. Ihr Körper zeigt Zeichen schwerster Misshandlungen. Einige Wochen zuvor war sie auf dem Heimweg verschwunden. Und es werden weitere Mädchen in der Nähe von Fjällbacka vermisst. Auf der Suche nach dem Täter arbeitet Kommissar Patrik Hedström mit seiner Frau Erica Falck zusammen. Erica schreibt an einem Buch über Gewalt an Frauen und ihre Recherchen sind äußerst wertvoll für ihn. Wird Patrik die vermissten Mädchen mit ihrer Hilfe rechtzeitig finden? (Verlagstext)</marc:subfield>
   </marc:datafield>
   <marc:datafield ind1=" " ind2=" " tag="020">
      <marc:subfield code="a">9783957130044</marc:subfield>
      <marc:subfield code="9">9783957130044</marc:subfield>
   </marc:datafield>
   <marc:datafield ind1=" " ind2=" " tag="020">
      <marc:subfield code="a">3957130042</marc:subfield>
      <marc:subfield code="9">3957130042</marc:subfield>
   </marc:datafield>
   <marc:datafield ind1="0" ind2=" " tag="490">
      <marc:subfield code="v">0</marc:subfield>
   </marc:datafield>
   <marc:datafield ind1=" " ind2=" " tag="300">
      <marc:subfield code="a">6 CDs (458 Min.) ; gek. Lesung</marc:subfield>
   </marc:datafield>
</marc:record>
